| 000 | 00396cas a2200133 4500 | ||
|---|---|---|---|
| 008 | 090323n eng u | ||
| 035 | _a(Sirsi) a164514 | ||
| 050 | _aECA HF3900.Z5 TRA 2008 | ||
| 110 | _aEcononic Commission for Africa | ||
| 245 | _aTrade Development and Transport in Southern Sfrica | ||
| 260 | _aAddis Ababa, Ethopia | ||
| 300 |
_axii, 67p. : _bil. |
||
| 650 | _aTransportation | ||
| 999 |
_c112856 _d112856 |
||